00403nam a2200121 a 4500001000500000005001700005008004100022050001800063100001600081245012500097260003600222440002300258414020140414132106.0090218s19uu xx 00 eng d aFICbP64 1999 aPilkey, Dav aCaptain underpants and the invasion of the incredibly naughty cafeteria ladies from outer space :bthe third epic novel. aNew York :bScholastic ,c1999. aCaptain Underpants